Analytisches Wörterbuch des Meroitischen /
المؤلف الرئيسي:
مؤلفون آخرون:
التنسيق: كتاب
اللغة:
German
English
منشور في:
Dettelbach :
J.H. Röll,
[2022]-
سلاسل:
Studien zu den Ritualszenen altägyptischer Tempel ;
Bd. 13.
الموضوعات:
الوسوم: إضافة وسم
رقم الطلب: BL2443 .D5 v.3/3
| LEADER | 02020nam a22004817a 4500 | ||
|---|---|---|---|
| 003 | OSt | ||
| 005 | 20260428094740.0 | ||
| 008 | 260428t20229999gw bd 000 0 ger d | ||
| 010 | |a 2022496967 | ||
| 020 | |a 9783897546332 |q (Bd. 3 ; |q alk. paper) | ||
| 035 | |a (OCoLC)1341409083 | ||
| 035 | |a 22546525 | ||
| 035 | |a (GyWOH)har220117220 | ||
| 040 | |a ZYU |b eng |e rda |c ZYU |d ZYU |d PUL |d OCLCF |d YDX |d HUL |d ZYU |d HUL |d OCLCO |d OCLCL |d PUL |d OCLCQ |d CGU |d NYP |d OCLCO |d OCLCL |d DLC | ||
| 041 | |a ger |a eng | ||
| 041 | 7 | |a deu |a eng |2 iso639-3 | |
| 042 | |a lccopycat | ||
| 043 | |a f-sj--- | ||
| 050 | 1 | 4 | |a BL2443 |b .D5 v.3/3 |
| 082 | 0 | 0 | |a 496 |2 23/eng/20250912 |
| 100 | 1 | |a Hallof, Jochen, |e author. |1 https://id.oclc.org/worldcat/entity/E39PCjKcWr4rkVkptYYGrPprjd | |
| 245 | 1 | 0 | |a Analytisches Wörterbuch des Meroitischen / |c Jochen Hallof ; unter Mitarbeit von Gabriele Hallof = Analytic Meroitic dictionary / Jochen Hallof ; in collaboration with Gabriele Hallof. |
| 246 | 3 | 1 | |a Analytic Meroitic dictionary |
| 264 | 1 | |a Dettelbach : |b J.H. Röll, |c [2022]- | |
| 300 | |a volumes ; |c 31 cm. | ||
| 336 | |a text |b txt |2 rdacontent | ||
| 337 | |a unmediated |b n |2 rdamedia | ||
| 338 | |a volume |b nc |2 rdacarrier | ||
| 490 | 1 | |a Studien zu den Ritualszenen altägyptischer Tempel ; |v Band 13,3 | |
| 504 | |a Includes bibliographical references. | ||
| 505 | 1 | |a Band I. A | |
| 546 | |a Meroitic, German, and English. | ||
| 650 | 0 | |a Meroitic language |v Dictionaries |x German. | |
| 650 | 0 | |a Meroitic language |v Dictionaries |x English. | |
| 650 | 0 | |a Inscriptions, Meroitic. | |
| 650 | 7 | |a Meroitic language |2 fast | |
| 655 | 7 | |a Dictionaries |2 fast | |
| 700 | 1 | |a Hallof, Gabriele, |e contributor. |1 https://id.oclc.org/worldcat/entity/E39PCjH86qm9dtgHfxmD3TJmtX | |
| 830 | 0 | |a Studien zu den Ritualszenen altägyptischer Tempel ; |v Bd. 13. | |
| 906 | |a 7 |b cbc |c copycat |d 2 |e ncip |f 20 |g y-gencatlg | ||
| 942 | |2 lcc |c BK | ||
| 955 | |a ve21 2022-05-13 |a fd10 2022-11-08 |a fd00 2022-11-15 to GS/GER |b fd07 2025-09-12 z-processor |i fd07 2025-09-12 | ||
| 999 | |c 62190 |d 62190 | ||
